| 000 | 01198nam a22003377a 4500 | ||
|---|---|---|---|
| 003 | CHAP | ||
| 005 | 20220329141728.0 | ||
| 008 | 971013s1972 r 00010 d | ||
| 010 | _a72907 | ||
| 011 | _a73879 | ||
| 035 | _a83437 | ||
| 040 | _cCHAP | ||
| 090 | _aTesis | ||
| 100 | 0 | 0 |
_aCantú Castro, Guillermo. _918486 |
| 245 | _aEsterilización a diferentes edades del estado pupal de la mosca mexicana de la fruta Anastrepa ludens (loew), con un nivel de temperatura (30c) | ||
| 260 |
_aMonterrey, N. L. : _bEl autor, _c1972 |
||
| 300 |
_a28 h. _b: gráfs. |
||
| 502 | _aTesis (Ing. Agrónomo). Univ. Autónoma de Nuevo León. Fac. de Agronomía | ||
| 590 |
_aALEPH _b10 _c20130110 _lUCH01 _h1414 |
||
| 590 |
_aBATCH-UPD _b10 _c20130110 _lUCH01 _h0620 |
||
| 590 |
_aBATCH-UPD _b10 _c20130110 _lUCH01 _h2257 |
||
| 590 |
_aBATCH-UPD _b10 _c20130410 _lUCH01 _h0303 |
||
| 590 |
_aBATCH-UPD _b10 _c20130914 _lUCH01 _h0329 |
||
| 590 |
_aCONVERSION _b10 _c20130109 _lUCH01 _h1340 |
||
| 650 | 1 | 4 |
_aAnastrepha ludens. _95487 |
| 650 | 1 | 4 |
_aEsterilidad en insectos. _938291 |
| 650 | 1 | 4 |
_aTemperatura _xEfecto en insectos. _9112202 |
| 901 | _aBK | ||
| 942 | _cTESIS | ||
| 949 |
_bBC _cTES _d-38013 _eTS1 _i83437 _si |
||
| 999 |
_c72907 _d72907 |
||